00360nam a2200121Ia 4500008004100000082001600041100001300057245003700070260005100107365000600158630003700164730003700201100415s9999 xx 000 0 und d b37a599.735 aFrick C aHorned ruminants of North Africa aNEW YORKc1937bAMERICAN MUSUEM OF NATURAL HIS b0 aHorned ruminants of North Africa aHorned ruminants of North Africa